[Event "Mittelfranken-ch QT 55th"]
[Site "Postbauer"]
[Date "2006.04.15"]
[Round "7"]
[White "Janku, Joerg"]
[Black "Dreiseitel, Werner"]
[Result "0-1"]
[WhiteElo "1198"]
[BlackElo "1298"]
[PlyCount "47"]
[EventDate "2006.04.12"]
[EventType "swiss"]
[EventRounds "7"]
[EventCountry "GER"]
[SourceTitle "EXT 2015"]
[Source "ChessBase"]
[SourceDate "2014.11.20"]
[SourceVersion "1"]
[SourceVersionDate "2014.11.20"]
[SourceQuality "1"]

1. Nf3 d5 2. d4 Nf6 3. Bf4 Bf5 4. c4 c6 5. e3 e6 6. Nc3 Bb4 7. Bd3 Ne4 8. Qc2 Bg6 9. 0-0 Nxc3 10. Bxg6 hxg6 11. bxc3 Bd6 12. cxd5 Bxf4 13. exf4 Qxd5 14. Qb2 b6 15. c4 Qxc4 16. Ne5 Qd5 17. Rac1 0-0 18. a4 Rc8 19. Rfd1 Nd7 20. Re1 Rc7 21. Rc4 Nxe5 22. Rxe5 Qxc4 23. Qe2 Qc1+ 24. Qe1 0-1

[Event "Mittelfranken-ch QT 55th"]
[Site "Postbauer"]
[Date "2006.04.13"]
[Round "3"]
[White "Janku, Joerg"]
[Black "Lange, Vanessa"]
[Result "1/2-1/2"]
[WhiteElo "1198"]
[BlackElo "1349"]
[PlyCount "27"]
[EventDate "2006.04.12"]
[EventType "swiss"]
[EventRounds "7"]
[EventCountry "GER"]
[SourceTitle "EXT 2015"]
[Source "ChessBase"]
[SourceDate "2014.11.20"]
[SourceVersion "1"]
[SourceVersionDate "2014.11.20"]
[SourceQuality "1"]

1. e4 c6 2. d4 d5 3. e5 f6 4. Nf3 Bg4 5. Nbd2 Nd7 6. Be2 Qc7 7. exf6 exf6 8. 0-0 Nh6 9. c4 Be7 10. c5 0-0 11. Bd3 Qf4 12. Nb3 Bxf3 13. Bxf4 Bxd1 14. Raxd1 1/2-1/2